<?xml version="1.0" encoding="UTF-8"?>
<record
    xmlns:xsi="http://www.w3.org/2001/XMLSchema-instance"
    xsi:schemaLocation="http://www.loc.gov/MARC21/slim http://www.loc.gov/standards/marcxml/schema/MARC21slim.xsd"
    xmlns="http://www.loc.gov/MARC21/slim">

  <leader>01128nam a22002297a 4500</leader>
  <datafield tag="999" ind1=" " ind2=" ">
    <subfield code="c">62924</subfield>
    <subfield code="d">62924</subfield>
  </datafield>
  <controlfield tag="003">Ge_BSU</controlfield>
  <controlfield tag="005">20250320170346.0</controlfield>
  <controlfield tag="008">250320s1992    ge ||||| |||| 00| 0 geo d</controlfield>
  <datafield tag="041" ind1=" " ind2=" ">
    <subfield code="a">geo</subfield>
  </datafield>
  <datafield tag="080" ind1=" " ind2=" ">
    <subfield code="a">611.81 &#x10D9;-36</subfield>
  </datafield>
  <datafield tag="100" ind1=" " ind2=" ">
    <subfield code="a">&#x10D9;&#x10D0;&#x10EA;&#x10D8;&#x10E2;&#x10D0;&#x10EB;&#x10D4;, &#x10D6;.</subfield>
    <subfield code="9">24473</subfield>
  </datafield>
  <datafield tag="245" ind1=" " ind2=" ">
    <subfield code="a">&#x10D0;&#x10D3;&#x10D0;&#x10DB;&#x10D8;&#x10D0;&#x10DC;&#x10D8;&#x10E1; &#x10D0;&#x10DC;&#x10D0;&#x10E2;&#x10DD;&#x10DB;&#x10D8;&#x10D0; :</subfield>
    <subfield code="b"> &#x10D6;&#x10E3;&#x10E0;&#x10D2;&#x10D8;&#x10E1; &#x10E2;&#x10D5;&#x10D8;&#x10DC;&#x10D8;. &#x10D7;&#x10D0;&#x10D5;&#x10D8;&#x10E1; &#x10E2;&#x10D5;&#x10D8;&#x10DC;&#x10D8;. &#x10DE;&#x10D4;&#x10E0;&#x10D8;&#x10E4;&#x10D4;&#x10E0;&#x10D8;&#x10E3;&#x10DA;&#x10D8; &#x10DC;&#x10D4;&#x10E0;&#x10D5;&#x10D4;&#x10D1;&#x10D8;. &#x10D2;&#x10E0;&#x10EB;&#x10DC;&#x10DD;&#x10D1;&#x10D0;&#x10D7;&#x10D0; &#x10DD;&#x10E0;&#x10D2;&#x10D0;&#x10DC;&#x10DD;&#x10D4;&#x10D1;&#x10D8; /</subfield>
    <subfield code="c"> &#x10D6;. &#x10D9;&#x10D0;&#x10EA;&#x10D8;&#x10E2;&#x10D0;&#x10EB;&#x10D4;.</subfield>
  </datafield>
  <datafield tag="264" ind1=" " ind2=" ">
    <subfield code="a">&#x10D7;&#x10D1;&#x10D8;&#x10DA;&#x10D8;&#x10E1;&#x10D8;,</subfield>
    <subfield code="c">1992.</subfield>
  </datafield>
  <datafield tag="300" ind1=" " ind2=" ">
    <subfield code="a">216 &#x10D2;&#x10D5;. ; </subfield>
    <subfield code="b">20 &#x10E1;&#x10DB;.</subfield>
  </datafield>
  <datafield tag="653" ind1=" " ind2=" ">
    <subfield code="a">&#x10D0;&#x10D3;&#x10D0;&#x10DB;&#x10D8;&#x10D0;&#x10DC;&#x10D8;&#x10E1; &#x10D0;&#x10DC;&#x10D0;&#x10E2;&#x10DD;&#x10DB;&#x10D8;&#x10D0;</subfield>
  </datafield>
  <datafield tag="653" ind1=" " ind2=" ">
    <subfield code="a">&#x10D6;&#x10E3;&#x10E0;&#x10D2;&#x10D8;&#x10E1; &#x10E2;&#x10D5;&#x10D8;&#x10DC;&#x10D8;&#x10E1; &#x10D0;&#x10DC;&#x10D0;&#x10E2;&#x10DD;&#x10DB;&#x10D8;&#x10D0;</subfield>
  </datafield>
  <datafield tag="653" ind1=" " ind2=" ">
    <subfield code="a">&#x10D7;&#x10D0;&#x10D5;&#x10D8;&#x10E1; &#x10E2;&#x10D5;&#x10D8;&#x10DC;&#x10D8;&#x10E1; &#x10D0;&#x10DC;&#x10D0;&#x10E2;&#x10DD;&#x10DB;&#x10D8;&#x10D0;</subfield>
  </datafield>
  <datafield tag="653" ind1=" " ind2=" ">
    <subfield code="a">&#x10DE;&#x10D4;&#x10E0;&#x10D8;&#x10E4;&#x10D4;&#x10E0;&#x10D8;&#x10E3;&#x10DA;&#x10D8; &#x10DC;&#x10D4;&#x10E0;&#x10D5;&#x10D4;&#x10D1;&#x10D8;&#x10E1; &#x10D0;&#x10DC;&#x10D0;&#x10E2;&#x10DD;&#x10DB;&#x10D8;&#x10D0;</subfield>
  </datafield>
  <datafield tag="653" ind1=" " ind2=" ">
    <subfield code="a">&#x10D2;&#x10E0;&#x10EB;&#x10DC;&#x10DD;&#x10D1;&#x10D0;&#x10D7;&#x10D0; &#x10DD;&#x10E0;&#x10D2;&#x10D0;&#x10DC;&#x10DD;&#x10D4;&#x10D1;&#x10D8;&#x10E1; &#x10D0;&#x10DC;&#x10D0;&#x10E2;&#x10DD;&#x10DB;&#x10D8;&#x10D0;</subfield>
  </datafield>
  <datafield tag="653" ind1=" " ind2=" ">
    <subfield code="a">&#x10DB;&#x10D4;&#x10D3;&#x10D8;&#x10EA;&#x10D8;&#x10DC;&#x10D0;</subfield>
  </datafield>
  <datafield tag="942" ind1=" " ind2=" ">
    <subfield code="2">udc</subfield>
    <subfield code="c">BK</subfield>
  </datafield>
  <datafield tag="952" ind1=" " ind2=" ">
    <subfield code="0">0</subfield>
    <subfield code="1">0</subfield>
    <subfield code="2">udc</subfield>
    <subfield code="4">0</subfield>
    <subfield code="6">61181_&#x10D9;36</subfield>
    <subfield code="7">0</subfield>
    <subfield code="9">102381</subfield>
    <subfield code="a">CPL</subfield>
    <subfield code="b">CPL</subfield>
    <subfield code="c">GEN</subfield>
    <subfield code="d">2025-03-20</subfield>
    <subfield code="g">6.00</subfield>
    <subfield code="o">611.81 &#x10D9;-36</subfield>
    <subfield code="p">70907</subfield>
    <subfield code="r">2025-03-20</subfield>
    <subfield code="t">70907</subfield>
    <subfield code="w">2025-03-20</subfield>
    <subfield code="y">BK</subfield>
    <subfield code="z">6 &#x10DA;.</subfield>
  </datafield>
</record>
